000 00855nas a2200289 4500
001 BR0706359
003 BR-BrBNA
005 20231205111243.0
007 ta
008 230509b bl.|||p| |||| 00| 00por d
040 _aBR-BrBNA
_bpor
_cBiblioteca Nacional de Agricultura
041 _a(Pt)
072 _aL70; L73
100 1 _aRodaski, S.
100 1 _aGuérios, S.D.
100 1 _aKoppe, A.B.
100 1 _aSincero, P.C.
100 1 _aTranquilin, M.V.
100 1 _aPerroni, M.A.
100 1 _aNardi, A.B.
245 1 _aMioplastia experimental do esfíncter anal externo com Fascia lata autóloga, em cães
650 _aCÃO
650 _aDOENÇA ANIMAL
773 0 _tArchives of Veterinary Science (Brazil)
_xISSN 1517-784X
_g(Oct 2000), v. 5 p. 49-54
_wBR0706359
909 _a202311
_bLúcia
_c55
_dLúcia Elande
942 _2AGRIS
_n0
_cANA
999 _c191639
_d191639